000 00690nam a2200205Ii 4500
003 JO-AjNU
008 230605s9999||||xx |||||||||||||| ||und||
017 _a1985/11/471
040 _aJO-AjNU
_bara
_erda
_cJO-AjNU
041 _aara
050 1 4 _aPJ7804.R22.A17 1985
100 3 _aتأليف عمر، عبد الرحيم,
_eauthor
_949210
245 0 0 _aأغاني الرحيل السابع
264 3 1 _aعمان:دائرة الثقافة والفنون،1985
300 _a166ص
336 _atext
_btxt
_2rdacontent
337 _aunmediated
_bn
_2rdamedia
338 _avolume
_bnc
_2rdacarrier
650 4 _aالشعر العربي - القرن العشرين - الأردن
_949211
999 _aA21600
_c25168
_d25168